000
00350 a2200169 4500
001
186669
020
_a
040
_c
Magnum
100
_a
Mavrudis, Sula Kyriacos
240
1
0
_a
A grande aventura
_l
por
245
1
0
_a
A grande aventura
300
_a
24
362
0
_a
1992
440
1
_a
Dimensão
697
_a
LITERATURA INFANTO
942
_c
BK
999
_c
186669
_d
186669